000 01013nam a2200301 a 4500
001 34758
003 BD-RjUL
005 20211209052215.0
008 071227s2009 njua b 001 0 eng
020 _a9788120335653
035 _a(OCoLC)ocn185123461
035 _a(BD-RjUL)34852
040 _aDLC
_cDLC
_dYDX
_dYDXCP
_dBAKER
_dUKM
_dBTCTA
_dDLC
_dBD-RjUL
_beng
041 _aeng
082 0 0 _a658.3
_222
_bROO 2009
100 1 _aRobbins, Stephen P.,
_d1943-
_926887
245 1 0 _aOrganizational behavior /
_cStephen P. Robbins, Timothy A. Judge.
250 _a13th ed.
260 _aUpper Saddle River, N.J. :
_bPearson Prentice Hall,
_cc2009.
300 _axxxv, 716 p. :
_bill. ;
_c29 cm.
504 _aIncludes bibliographical references and indexes.
650 0 _aOrganizational behavior.
_9105774
700 1 _aJudge, Tim.
_9105775
856 4 1 _3Table of contents only
_uhttp://www.loc.gov/catdir/toc/ecip087/2007052438.html
942 _2ddc
_cBK
999 _c34758
_d34758